| 000 | 00397nam a2200169Ia 4500 | ||
|---|---|---|---|
| 999 |
_c3694 _d3694 |
||
| 003 | OSt | ||
| 005 | 20220330171730.0 | ||
| 008 | 200302s9999 xx 000 0 und d | ||
| 020 | _a9781780672724 | ||
| 082 | _a720.284 | ||
| 100 | _aNeil Bingham | ||
| 245 | _a100 Years of Architectural Drawing 1900-2000 | ||
| 260 | _bLaurence King Publishing | ||
| 260 | _c2012 | ||
| 300 | _a320 | ||
| 942 | _2ddc | ||